000 02095cam a2200565 a 4500
001 21386
003 VRT
005 20260228122221.0
008 230403s1954 xo g 000 p slo
015 _aSNBA19451955-004164
020 _q(viazané)
035 _aSK01SNKBKSFS20010067313
035 _aurn:nbn:sk:snk-am3idsx
035 _aurn:nbn:sk:snk-am00e690
035 _a99A6B3DB-5436-4FD3-8A31-B3976C369958
035 _aSKM000069776
039 9 _a202304032045
_bVLOAD
_c202212050954
_dVLOAD
_c202205110904
_dVLOAD
_c202106241114
_dVLOAD
040 _aSNK
_bslo
_cSNK
_eAACR2
041 0 _aslo
044 _axo
_cSK
072 7 _a821.162.4-1
_xSlovenská poézia
_2konspekt
080 _a885.4
_21981
080 _a821.162.4-1
_22011
080 _a821.162.4
_22011
100 1 _aHviezdoslav, Pavol Országh,
_d1849-1921
_4aut
245 1 0 _aPrechádzky jarom ;
_bPrechádzky letom
_cHviezdoslav ; [edične pripravil a poznámkami i vysvetlivkami doplnil Andrej Kostolný]
250 _a1. vydanie
260 _aBratislava
_bSlovenské vydavateľstvo krásnej literatúry
_c1954
300 _a248 strán
_c21 cm
366 _e5000 kusov
490 1 _aNaši klasici
_vzväzok 10
490 1 _aSpisy P. O. Hviezdoslava v 12 zväzkoch
_vzväzok 7
500 _aObsahuje poznámky k textovej úprave
500 _aObsahuje 2 diela
504 _aObsahuje bibliografické poznámky a vysvetlivky na strane 223-232
650 0 7 _aslovenská literatúra
_2SNKPH
655 7 _aslovenská poézia
_2SNKPH
700 1 _aKostolný, Andrej,
_d1903-1984
_4edt
740 0 2 _aPrechádzky letom
830 0 _aNaši klasici
830 0 _aSpisy P. O. Hviezdoslava v dvanástich zväzkoch
910 _asnk
942 _2ddc
_cKLDO
_n0
949 _617A0057064
_asnkSC 4640/7 D1
_bsnkI. 1240/55
949 _62889023422
_asavukB 47849/7
_oPv 500/55
949 _63830001009787
_akurukT18/HVIE1-11
949 _617A0767787
_asnkSC 4640/7
_bsnk174/55
_oI. 1239/55 - 2. ev. č.
_s6100:20190201
949 _6273K0406788
_asvkpoB 8690/VII
_bsvkpo52436
999 _c21386
_d21386